<?xml version="1.0" encoding="UTF-8"?>
<record
    xmlns:xsi="http://www.w3.org/2001/XMLSchema-instance"
    xsi:schemaLocation="http://www.loc.gov/MARC21/slim http://www.loc.gov/standards/marcxml/schema/MARC21slim.xsd"
    xmlns="http://www.loc.gov/MARC21/slim">

  <leader>05547namaa22004331i 4500</leader>
  <controlfield tag="003">EG-GICUC</controlfield>
  <controlfield tag="005">20260502102028.0</controlfield>
  <controlfield tag="008">260502s2025    ua a|||frm||| 000 0 eng d</controlfield>
  <datafield tag="040" ind1=" " ind2=" ">
    <subfield code="a">EG-GICUC</subfield>
    <subfield code="b">eng</subfield>
    <subfield code="c">EG-GICUC</subfield>
    <subfield code="d">EG-GICUC</subfield>
    <subfield code="e">rda</subfield>
  </datafield>
  <datafield tag="041" ind1="0" ind2=" ">
    <subfield code="a">eng</subfield>
    <subfield code="b">eng</subfield>
    <subfield code="b">ara</subfield>
  </datafield>
  <datafield tag="049" ind1=" " ind2=" ">
    <subfield code="a">Deposit</subfield>
  </datafield>
  <datafield tag="082" ind1="0" ind2="4">
    <subfield code="a">576.05</subfield>
  </datafield>
  <datafield tag="092" ind1=" " ind2=" ">
    <subfield code="a">576.05</subfield>
    <subfield code="2">21</subfield>
  </datafield>
  <datafield tag="097" ind1=" " ind2=" ">
    <subfield code="a">Ph.D</subfield>
  </datafield>
  <datafield tag="099" ind1=" " ind2=" ">
    <subfield code="a">Cai01.10.10.Ph.D.2025.Ha.D</subfield>
  </datafield>
  <datafield tag="100" ind1="0" ind2=" ">
    <subfield code="a">Hassan Aboul-Ella Oteify Hassanien, </subfield>
    <subfield code="e">preparation.</subfield>
  </datafield>
  <datafield tag="245" ind1="1" ind2="0">
    <subfield code="a">Development of a pan-fungal vaccine and evaluation of its immunogenicity and protective efficacy /</subfield>
    <subfield code="c">by Hassan Aboul-Ella Oteify Hassanien ; Supervisors Prof. Dr. Heidy Mohamed Shawky Abo-Elyazeed, Dr. Ahmed Mohamed El-Hamaki. </subfield>
  </datafield>
  <datafield tag="246" ind1="1" ind2="5">
    <subfield code="a">&#x62A;&#x637;&#x648;&#x64A;&#x631; &#x644;&#x642;&#x627;&#x62D; &#x641;&#x637;&#x631;&#x64A; &#x648;&#x627;&#x633;&#x639; &#x627;&#x644;&#x645;&#x62F;&#x649; &#x648;&#x62A;&#x642;&#x64A;&#x64A;&#x645; &#x642;&#x62F;&#x631;&#x62A;&#x647; &#x627;&#x644;&#x645;&#x646;&#x627;&#x639;&#x64A;&#x629; &#x648;&#x643;&#x641;&#x627;&#x621;&#x62A;&#x647; &#x627;&#x644;&#x648;&#x642;&#x627;&#x626;&#x64A;&#x629;</subfield>
  </datafield>
  <datafield tag="264" ind1=" " ind2="0">
    <subfield code="c">2025.</subfield>
  </datafield>
  <datafield tag="300" ind1=" " ind2=" ">
    <subfield code="a">135 pages : </subfield>
    <subfield code="b">illustrations ;</subfield>
    <subfield code="c">25 cm. + </subfield>
    <subfield code="e">CD.</subfield>
  </datafield>
  <datafield tag="336" ind1=" " ind2=" ">
    <subfield code="a">text</subfield>
    <subfield code="2">rda content</subfield>
  </datafield>
  <datafield tag="337" ind1=" " ind2=" ">
    <subfield code="a">Unmediated</subfield>
    <subfield code="2">rdamedia</subfield>
  </datafield>
  <datafield tag="338" ind1=" " ind2=" ">
    <subfield code="a">volume</subfield>
    <subfield code="2">rdacarrier</subfield>
  </datafield>
  <datafield tag="502" ind1=" " ind2=" ">
    <subfield code="a">Thesis (Ph.D)-Cairo University, 2025.</subfield>
  </datafield>
  <datafield tag="504" ind1=" " ind2=" ">
    <subfield code="a">Bibliography: pages 120-135. </subfield>
  </datafield>
  <datafield tag="520" ind1=" " ind2="3">
    <subfield code="a">Fungal infections are a widely spread cause of a wide range of contagious zoonotic diseases, affecting both humans and animals. This disease is caused by a diverse group of fungi, including both mold and yeast. Despite the wide distribution of fungal cases throughout the world and its adverse clinical effect on human health, economic effects on productive animals, and pet animal welfare, there is no approved vaccine or adopted vaccination strategy for such a disease. The current study tried to accomplish the difficult equation by developing more than one quality-controlled pan-fungal vaccine candidate based on the main criteria for vaccine development and production that would greatly help in its establishment as a cornerstone in any current or upcoming national or international control strategy for a fungal disease. The developed vaccines&#x2019; physical properties, purity, sterility, safety, and potency were ensured. The protective efficacy of the developed and prepared vaccine candidates was determined using a challenge test in laboratory animals, where around 85% (according to the developed experimental model) protection rate was achieved. The developed pan-fungal vaccine candidates proved to be effective and provided significant protective efficacy against different fungal infection models. Therefore, the current work introduces a very promising mitigative and strategic control solution for the widespread fungal diseases.</subfield>
  </datafield>
  <datafield tag="520" ind1=" " ind2="3">
    <subfield code="a">&#x62A;&#x64F;&#x639;&#x62F;&#x651; &#x627;&#x644;&#x625;&#x635;&#x627;&#x628;&#x627;&#x62A; &#x627;&#x644;&#x641;&#x637;&#x631;&#x64A;&#x629; &#x633;&#x628;&#x628;&#x64B;&#x627; &#x648;&#x627;&#x633;&#x639; &#x627;&#x644;&#x627;&#x646;&#x62A;&#x634;&#x627;&#x631; &#x644;&#x645;&#x62C;&#x645;&#x648;&#x639;&#x629; &#x643;&#x628;&#x64A;&#x631;&#x629; &#x645;&#x646; &#x627;&#x644;&#x623;&#x645;&#x631;&#x627;&#x636; &#x627;&#x644;&#x645;&#x639;&#x62F;&#x64A;&#x629; &#x627;&#x644;&#x645;&#x634;&#x62A;&#x631;&#x643;&#x629; &#x627;&#x644;&#x62A;&#x64A; &#x62A;&#x635;&#x64A;&#x628; &#x627;&#x644;&#x625;&#x646;&#x633;&#x627;&#x646; &#x648;&#x627;&#x644;&#x62D;&#x64A;&#x648;&#x627;&#x646; &#x639;&#x644;&#x649; &#x62D;&#x62F; &#x633;&#x648;&#x627;&#x621;. &#x648;&#x62A;&#x646;&#x62C;&#x645; &#x647;&#x630;&#x647; &#x627;&#x644;&#x623;&#x645;&#x631;&#x627;&#x636; &#x639;&#x646; &#x637;&#x64A;&#x641; &#x645;&#x62A;&#x646;&#x648;&#x639; &#x645;&#x646; &#x627;&#x644;&#x641;&#x637;&#x631;&#x64A;&#x627;&#x62A; &#x64A;&#x634;&#x645;&#x644; &#x627;&#x644;&#x623;&#x639;&#x641;&#x627;&#x646; &#x648;&#x627;&#x644;&#x62E;&#x645;&#x627;&#x626;&#x631;. &#x648;&#x639;&#x644;&#x649; &#x627;&#x644;&#x631;&#x63A;&#x645; &#x645;&#x646; &#x627;&#x644;&#x627;&#x646;&#x62A;&#x634;&#x627;&#x631; &#x627;&#x644;&#x648;&#x627;&#x633;&#x639; &#x644;&#x644;&#x62D;&#x627;&#x644;&#x627;&#x62A; &#x627;&#x644;&#x641;&#x637;&#x631;&#x64A;&#x629; &#x639;&#x627;&#x644;&#x645;&#x64A;&#x64B;&#x627; &#x648;&#x62A;&#x623;&#x62B;&#x64A;&#x631;&#x627;&#x62A;&#x647;&#x627; &#x627;&#x644;&#x633;&#x631;&#x64A;&#x631;&#x64A;&#x629; &#x627;&#x644;&#x633;&#x644;&#x628;&#x64A;&#x629; &#x639;&#x644;&#x649; &#x635;&#x62D;&#x629; &#x627;&#x644;&#x625;&#x646;&#x633;&#x627;&#x646;&#x60C; &#x625;&#x636;&#x627;&#x641;&#x629;&#x64B; &#x625;&#x644;&#x649; &#x622;&#x62B;&#x627;&#x631;&#x647;&#x627; &#x627;&#x644;&#x627;&#x642;&#x62A;&#x635;&#x627;&#x62F;&#x64A;&#x629; &#x639;&#x644;&#x649; &#x627;&#x644;&#x62D;&#x64A;&#x648;&#x627;&#x646;&#x627;&#x62A; &#x627;&#x644;&#x645;&#x646;&#x62A;&#x650;&#x62C;&#x629; &#x648;&#x631;&#x641;&#x627;&#x647;&#x64A;&#x629; &#x62D;&#x64A;&#x648;&#x627;&#x646;&#x627;&#x62A; &#x627;&#x644;&#x631;&#x641;&#x642;&#x629;&#x60C; &#x641;&#x644;&#x627; &#x64A;&#x648;&#x62C;&#x62F; &#x62D;&#x62A;&#x649; &#x627;&#x644;&#x622;&#x646; &#x644;&#x642;&#x627;&#x62D; &#x645;&#x64F;&#x639;&#x62A;&#x645;&#x62F; &#x623;&#x648; &#x627;&#x633;&#x62A;&#x631;&#x627;&#x62A;&#x64A;&#x62C;&#x64A;&#x629; &#x62A;&#x637;&#x639;&#x64A;&#x645; &#x645;&#x64F;&#x637;&#x628;&#x64E;&#x651;&#x642;&#x629; &#x644;&#x644;&#x633;&#x64A;&#x637;&#x631;&#x629; &#x639;&#x644;&#x649; &#x647;&#x630;&#x647; &#x627;&#x644;&#x623;&#x645;&#x631;&#x627;&#x636;. &#x633;&#x639;&#x62A; &#x627;&#x644;&#x62F;&#x631;&#x627;&#x633;&#x629; &#x627;&#x644;&#x62D;&#x627;&#x644;&#x64A;&#x629; &#x625;&#x644;&#x649; &#x62A;&#x62D;&#x642;&#x64A;&#x642; &#x645;&#x639;&#x627;&#x62F;&#x644;&#x629; &#x635;&#x639;&#x628;&#x629; &#x645;&#x646; &#x62E;&#x644;&#x627;&#x644; &#x62A;&#x637;&#x648;&#x64A;&#x631; &#x623;&#x643;&#x62B;&#x631; &#x645;&#x646; &#x645;&#x631;&#x634;&#x651;&#x62D; &#x644;&#x642;&#x627;&#x62D; &#x634;&#x627;&#x645;&#x644; &#x645;&#x636;&#x627;&#x62F; &#x644;&#x644;&#x641;&#x637;&#x631;&#x64A;&#x627;&#x62A;&#x60C; &#x62E;&#x627;&#x636;&#x639; &#x644;&#x631;&#x642;&#x627;&#x628;&#x629; &#x62C;&#x648;&#x62F;&#x629; &#x635;&#x627;&#x631;&#x645;&#x629;&#x60C; &#x627;&#x639;&#x62A;&#x645;&#x627;&#x62F;&#x64B;&#x627; &#x639;&#x644;&#x649; &#x627;&#x644;&#x645;&#x639;&#x627;&#x64A;&#x64A;&#x631; &#x627;&#x644;&#x623;&#x633;&#x627;&#x633;&#x64A;&#x629; &#x644;&#x62A;&#x637;&#x648;&#x64A;&#x631; &#x648;&#x625;&#x646;&#x62A;&#x627;&#x62C; &#x627;&#x644;&#x644;&#x642;&#x627;&#x62D;&#x627;&#x62A;&#x60C; &#x628;&#x645;&#x627; &#x64A;&#x64F;&#x633;&#x647;&#x645; &#x628;&#x634;&#x643;&#x644; &#x643;&#x628;&#x64A;&#x631; &#x641;&#x64A; &#x62A;&#x631;&#x633;&#x64A;&#x62E;&#x647; &#x643;&#x631;&#x643;&#x64A;&#x632;&#x629; &#x623;&#x633;&#x627;&#x633;&#x64A;&#x629; &#x636;&#x645;&#x646; &#x623;&#x64A; &#x627;&#x633;&#x62A;&#x631;&#x627;&#x62A;&#x64A;&#x62C;&#x64A;&#x629; &#x648;&#x637;&#x646;&#x64A;&#x629; &#x623;&#x648; &#x62F;&#x648;&#x644;&#x64A;&#x629; &#x62D;&#x627;&#x644;&#x64A;&#x629; &#x623;&#x648; &#x645;&#x633;&#x62A;&#x642;&#x628;&#x644;&#x64A;&#x629; &#x644;&#x645;&#x643;&#x627;&#x641;&#x62D;&#x629; &#x627;&#x644;&#x623;&#x645;&#x631;&#x627;&#x636; &#x627;&#x644;&#x641;&#x637;&#x631;&#x64A;&#x629;. &#x648;&#x642;&#x62F; &#x62C;&#x631;&#x649; &#x627;&#x644;&#x62A;&#x623;&#x643;&#x62F; &#x645;&#x646; &#x627;&#x644;&#x62E;&#x635;&#x627;&#x626;&#x635; &#x627;&#x644;&#x641;&#x64A;&#x632;&#x64A;&#x627;&#x626;&#x64A;&#x629; &#x644;&#x644;&#x642;&#x627;&#x62D;&#x627;&#x62A; &#x627;&#x644;&#x645;&#x637;&#x648;&#x651;&#x631;&#x629;&#x60C; &#x648;&#x646;&#x642;&#x627;&#x648;&#x62A;&#x647;&#x627;&#x60C; &#x648;&#x62A;&#x639;&#x642;&#x64A;&#x645;&#x647;&#x627;&#x60C; &#x648;&#x633;&#x644;&#x627;&#x645;&#x62A;&#x647;&#x627;&#x60C; &#x648;&#x642;&#x648;&#x62A;&#x647;&#x627; &#x627;&#x644;&#x645;&#x646;&#x627;&#x639;&#x64A;&#x629;. &#x643;&#x645;&#x627; &#x62A;&#x645; &#x62A;&#x62D;&#x62F;&#x64A;&#x62F; &#x627;&#x644;&#x641;&#x627;&#x639;&#x644;&#x64A;&#x629; &#x627;&#x644;&#x648;&#x642;&#x627;&#x626;&#x64A;&#x629; &#x644;&#x645;&#x631;&#x634;&#x651;&#x62D;&#x627;&#x62A; &#x627;&#x644;&#x644;&#x642;&#x627;&#x62D; &#x627;&#x644;&#x645;&#x637;&#x648;&#x651;&#x631;&#x629; &#x648;&#x627;&#x644;&#x645;&#x62D;&#x636;&#x651;&#x631;&#x629; &#x628;&#x627;&#x633;&#x62A;&#x62E;&#x62F;&#x627;&#x645; &#x627;&#x62E;&#x62A;&#x628;&#x627;&#x631; &#x627;&#x644;&#x62A;&#x62D;&#x62F;&#x651;&#x64A; &#x641;&#x64A; &#x62D;&#x64A;&#x648;&#x627;&#x646;&#x627;&#x62A; &#x627;&#x644;&#x645;&#x62E;&#x62A;&#x628;&#x631;&#x60C; &#x62D;&#x64A;&#x62B; &#x62A;&#x62D;&#x642;&#x651;&#x642; &#x645;&#x639;&#x62F;&#x644; &#x62D;&#x645;&#x627;&#x64A;&#x629; &#x64A;&#x642;&#x627;&#x631;&#x628; &#x668;&#x665;&#x66A; (&#x648;&#x641;&#x642;&#x64B;&#x627; &#x644;&#x644;&#x646;&#x645;&#x648;&#x630;&#x62C; &#x627;&#x644;&#x62A;&#x62C;&#x631;&#x64A;&#x628;&#x64A; &#x627;&#x644;&#x645;&#x637;&#x648;&#x651;&#x631;). &#x648;&#x642;&#x62F; &#x623;&#x62B;&#x628;&#x62A;&#x62A; &#x645;&#x631;&#x634;&#x651;&#x62D;&#x627;&#x62A; &#x627;&#x644;&#x644;&#x642;&#x627;&#x62D; &#x627;&#x644;&#x634;&#x627;&#x645;&#x644; &#x627;&#x644;&#x645;&#x636;&#x627;&#x62F; &#x644;&#x644;&#x641;&#x637;&#x631;&#x64A;&#x627;&#x62A; &#x641;&#x627;&#x639;&#x644;&#x64A;&#x62A;&#x647;&#x627; &#x648;&#x642;&#x62F;&#x651;&#x645;&#x62A; &#x643;&#x641;&#x627;&#x621;&#x629; &#x648;&#x642;&#x627;&#x626;&#x64A;&#x629; &#x645;&#x644;&#x62D;&#x648;&#x638;&#x629; &#x636;&#x62F; &#x646;&#x645;&#x627;&#x630;&#x62C; &#x645;&#x62E;&#x62A;&#x644;&#x641;&#x629; &#x645;&#x646; &#x627;&#x644;&#x639;&#x62F;&#x648;&#x649; &#x627;&#x644;&#x641;&#x637;&#x631;&#x64A;&#x629;. &#x648;&#x628;&#x646;&#x627;&#x621;&#x64B; &#x639;&#x644;&#x649; &#x630;&#x644;&#x643;&#x60C; &#x64A;&#x642;&#x62F;&#x651;&#x645; &#x647;&#x630;&#x627; &#x627;&#x644;&#x639;&#x645;&#x644; &#x62D;&#x644;&#x64B;&#x627; &#x648;&#x627;&#x639;&#x62F;&#x64B;&#x627; &#x648;&#x627;&#x633;&#x62A;&#x631;&#x627;&#x62A;&#x64A;&#x62C;&#x64A;&#x64B;&#x627; &#x644;&#x644;&#x62A;&#x62E;&#x641;&#x64A;&#x641; &#x648;&#x627;&#x644;&#x633;&#x64A;&#x637;&#x631;&#x629; &#x639;&#x644;&#x649; &#x627;&#x644;&#x623;&#x645;&#x631;&#x627;&#x636; &#x627;&#x644;&#x641;&#x637;&#x631;&#x64A;&#x629; &#x648;&#x627;&#x633;&#x639;&#x629; &#x627;&#x644;&#x627;&#x646;&#x62A;&#x634;&#x627;&#x631;.</subfield>
  </datafield>
  <datafield tag="530" ind1=" " ind2=" ">
    <subfield code="a">Issues also as CD.</subfield>
  </datafield>
  <datafield tag="546" ind1=" " ind2=" ">
    <subfield code="a">Text in English and abstract in Arabic &amp; English.</subfield>
  </datafield>
  <datafield tag="650" ind1=" " ind2="0">
    <subfield code="a">Microbiology</subfield>
  </datafield>
  <datafield tag="650" ind1=" " ind2="0">
    <subfield code="a">&#x627;&#x644;&#x645;&#x64A;&#x643;&#x631;&#x648;&#x628;&#x64A;&#x648;&#x644;&#x648;&#x62C;&#x64A;&#x627;</subfield>
  </datafield>
  <datafield tag="653" ind1=" " ind2="1">
    <subfield code="a">pan-fungal vaccine</subfield>
    <subfield code="a">immunogenicity</subfield>
    <subfield code="a">protective efficacy</subfield>
  </datafield>
  <datafield tag="700" ind1="0" ind2=" ">
    <subfield code="a">Heidy Mohamed Shawky Abo-Elyazeed</subfield>
    <subfield code="e">thesis advisor.</subfield>
  </datafield>
  <datafield tag="700" ind1="0" ind2=" ">
    <subfield code="a">Ahmed Mohamed El-Hamaki</subfield>
    <subfield code="e">thesis advisor.</subfield>
  </datafield>
  <datafield tag="900" ind1=" " ind2=" ">
    <subfield code="b">01-01-2025</subfield>
    <subfield code="c">Heidy Mohamed Shawky Abo-Elyazeed</subfield>
    <subfield code="c">Ahmed Mohamed El-Hamaki</subfield>
    <subfield code="U">Cairo University</subfield>
    <subfield code="F">Faculty of Veterinary Medicine </subfield>
    <subfield code="D">Department of Microbiology</subfield>
  </datafield>
  <datafield tag="905" ind1=" " ind2=" ">
    <subfield code="a">Shimaa</subfield>
  </datafield>
  <datafield tag="942" ind1=" " ind2=" ">
    <subfield code="2">ddc</subfield>
    <subfield code="c">TH</subfield>
    <subfield code="e">21</subfield>
    <subfield code="n">0</subfield>
  </datafield>
  <datafield tag="999" ind1=" " ind2=" ">
    <subfield code="c">179885</subfield>
  </datafield>
  <datafield tag="952" ind1=" " ind2=" ">
    <subfield code="2">ddc</subfield>
    <subfield code="9">317505</subfield>
    <subfield code="a">CUCL</subfield>
    <subfield code="b">cl210</subfield>
    <subfield code="d">2026-05-02</subfield>
    <subfield code="i">93935</subfield>
    <subfield code="o">Cai01.10.10.Ph.D.2025.Ha.D</subfield>
    <subfield code="p">01010110093935000</subfield>
    <subfield code="r">2026-05-02 09:20:53</subfield>
    <subfield code="w">2026-05-02</subfield>
    <subfield code="y">TH</subfield>
  </datafield>
</record>
